Statystyki dla Rozpoznaj Generałów II wojny światowej

Kliknij tutaj aby rozwiązać quiz!

Ogólne statystyki

  • Ten quiz został rozwiązany 1 002 razy
  • Średni wynik to 16 z 32

Statystyki odpowiedzi

Odpowiedź% Poprawnych
Erwin Rommel
89%
Władysław Anders
83%
George Patton
79%
Gieorgij Żukow
78%
Władysław Sikorski
78%
Stanisław Maczek
73%
Charles de Gaulle
72%
Heinz Guderian
70%
Bernard Law Montgomery
69%
Dwight Eisenhower
68%
Douglas MacArthur
67%
Edward Śmigły-Rydz
63%
Konstanty Rokossowski
63%
Friedrich Paulus
54%
Erich von Manstein
53%
Isoroku Yamamoto
50%
Stanisław Sosabowski
43%
Fedor von Bock
42%
Hideki Tōjō
41%
Tadeusz Komorowski
40%
Iwan Koniew
39%
Czang Kaj-szek
31%
Chester Nimitz
29%
Gerd von Rundstedt
25%
Omar Bradley
25%
Kazimierz Sosnkowski
24%
Leopold Okulicki
22%
Philippe Marie Leclerc
20%
Siemion Timoszenko
19%
Ion Antonescu
16%
Pietro Badoglio
16%
Maurice Gamelin
11%

Rozkład punktacji

Percentyl według liczby udzielonych odpowiedzi

Procent ludzi z każdym wynikiem

Twoja historia wyników

Nie rozwiązałeś tego quizu